[Event "XLIV Sevilla Open 2019"]
[Site "Sevilla"]
[Date "2019.01.17"]
[Round "7"]
[White "Pogorelov, Ruslan"]
[Black "Saric, Ante"]
[Result "0-1"]
[WhiteElo "2357"]
[BlackElo "2536"]
[Annotator "TA"]
[PlyCount "124"]
[EventDate "2019.01.11"]
[EventType "swiss"]
[EventCountry "ESP"]
[SourceTitle "playchess.com"]
[Source "ChessBase"]
[SourceQuality "1"]

{[%evp 20,124,-26,-34,-41,-34,-31,-31,-22,-24,-26,-37,-37,-41,-24,-39,-34,-31,-26,-20,-25,-28,-34,-52,17,-25,-20,-18,-19,-23,-17,-31,18,23,51,0,0,0,42,0,0,0,3,5,7,-33,41,53,59,-68,25,-90,0,0,0,3,6,0,0,0,39,27,140,143,160,161,156,-8,-8,-8,-8,-8,-8,-8,-8,-8,-8,-8,-8,-8,-8,-8,-8,-8,-8,-8,-8,-8,-8,-8,-8,-8,-8,-8,-8,-147,-147,-29979,-29980,-29980,-29981,-29980,-29982,-29985,-29984,-29984,-29985]} 1. c4 e6 2. Nf3 d5 3. b3 c5 4. g3 Nc6 5. Bg2 Nf6 6. O-O Be7 7. Bb2 d4 8. e3 e5 9. exd4 exd4 10. d3 O-O 11. Re1 {LiveBook: 13 Games. A14: English Opening: 1...e6 with b3 by White} Bg4 {[%cal Bc8g4,Bg4h5,Bh5f7][%mdl 32]} (11... Bd6 12. Na3 Bf5 13. Nh4 Bg4 14. Qd2 Qd7 15. Nb5 Bb8 16. f4 a6 17. Na3 Bc7 {1-0 (67) Howell,D (2676)-Sadler,M (2685) London 2017}) 12. h3 Bh5 13. a3 {Black is slightly better.} Nd7 $146 ({Predecessor:} 13... Qc7 14. Nbd2 Bd6 15. Ne4 Nxe4 16. Rxe4 Ne5 17. Re1 Rae8 18. g4 Bg6 19. Nxe5 Rxe5 20. Rxe5 Bxe5 {0-1 (37) Boes,J (2139)-Peng,X (2085) Hannover 2016}) 14. Qc2 a5 15. Nbd2 f5 16. Nh2 Bf7 17. Re2 Bd6 18. Rae1 Nf6 19. Ndf3 h6 20. Bc1 Qd7 21. Bf4 Rae8 (21... Bxf4 $15 22. gxf4 Nh5) 22. Ne5 Bxe5 23. Bxe5 Bh5 24. Nf3 {[#]} Ne4 $1 {[%mdl 512] ...Bxf3 is the strong threat.} 25. Bf4 $1 (25. dxe4 Bxf3) 25... Nc3 26. Rxe8 Rxe8 27. Qd2 (27. Bd2 $1 $14) 27... Re7 $11 28. h4 Qe8 29. Rxe7 Qxe7 30. Kh2 Qe2 31. Qxe2 Nxe2 32. Bd2 Kf7 ({Black should play} 32... b6 $15) 33. Ne1 $14 Nc3 34. Bd5+ (34. Bxc6 $14 bxc6 35. f3) 34... Ke7 ({Better is} 34... Nxd5 $15 35. cxd5 Ne7 36. Bxa5 Nxd5) 35. f3 (35. Bxc6 $1 $11 {remains equal.} bxc6 36. f3) 35... Kd6 (35... a4 $17 36. bxa4 Nxd5 37. cxd5 Ne5) 36. Bf4+ $11 Kd7 37. Bxc6+ $1 Kxc6 {[%mdl 4096] Endgame KBN-KBN} 38. Be5 g5 39. Bg7 gxh4 40. gxh4 Nb1 (40... Ne2 $11) 41. Bxh6 $16 Nxa3 42. Kg3 Nb1 43. Kf4 $2 (43. Bc1 $1 $16) 43... Nd2 $11 44. Kxf5 Nxf3 45. Nxf3 Bxf3 {KB-KB} 46. Bd2 Kb6 47. Kg5 Be2 48. h5 Bxd3 49. h6 Ka6 50. Kf6 b5 51. cxb5+ Kxb5 52. Ke5 a4 53. bxa4+ Kxa4 54. Kd5 Kb5 55. Bc1 Bh7 56. Ba3 Bg8+ 57. Ke4 (57. Ke5 $1 $11) 57... Kc4 $17 58. Ke5 $2 {[%mdl 8192]} (58. Kf3 $17) 58... d3 $1 {[%cal Rd3d2] Black mates.} 59. Bc1 Kc3 60. Kf6 Bh7 $1 61. Ke5 Kc2 62. Be3 {[#]} c4 $1 {Accuracy: White = 43%, Black = 61%.} ({Weaker is} 62... d2 {[#]} 63. Bxd2 $1 {[%mdl 512]} Kxd2 64. Kd5 $11) 0-1

[Event "XLIV Sevilla Open 2019"]
[Site "Sevilla"]
[Date "2019.01.17"]
[Round "7"]
[White "Dhulipalla Bala Chandra Prasa"]
[Black "Pereira Figueroa, Manuel"]
[Result "1-0"]
[WhiteElo "2341"]
[BlackElo "2108"]
[Annotator "NA"]
[PlyCount "49"]
[EventDate "2019.01.11"]
[EventType "swiss"]
[EventCountry "ESP"]
[SourceTitle "playchess.com"]
[Source "ChessBase"]
[SourceQuality "1"]
[TimeControl "5400+30"]

1. d4 {[%emt 0:00:00]} Nf6 {[%emt 0:00:00]} 2. Nf3 {[%emt 0:00:29]} g6 {[%emt 0:00:06]} 3. Bf4 {[%emt 0:00:03]} Bg7 {[%emt 0:00:33]} 4. e3 {[%emt 0:00:03]} O-O {[%emt 0:01:10]} 5. Be2 {[%emt 0:00:03]} d6 {[%emt 0:00:09]} 6. O-O {[%emt 0:00:05]} b6 {[%emt 0:01:32]} 7. h3 {[%emt 0:00:06]} c5 {[%emt 0:00:25]} 8. a4 {[%emt 0:00:10]} a6 {[%emt 0:00:41]} 9. Nbd2 {[%emt 0:00:19]} Bb7 {[%emt 0:00:51]} 10. c3 {[%emt 0:00:06]} Nbd7 {[%emt 0:00:45]} 11. Bh2 {[%emt 0:00:04]} Ne4 {[%emt 0:00:49]} 12. Re1 {[%emt 0:03:22]} Nxd2 {[%emt 0:07:52]} 13. Nxd2 {[%emt 0:00:10]} Nf6 {[%emt 0:01:00]} 14. Bd3 {[%emt 0:03:20]} Re8 {[%emt 0:04:56]} 15. e4 {[%emt 0:01:13]} cxd4 {[%emt 0:01:19]} 16. cxd4 {[%emt 0:00:54]} Nd7 {[%emt 0:03:42]} 17. Nf3 {[%emt 0:09:55]} Qb8 {[%emt 0:04:17]} 18. Qb3 {[%emt 0:02:33]} h6 {[%emt 0:02:27]} 19. Rac1 {[%emt 0:06:44]} e5 {[%emt 0:02:16]} 20. Bc4 {[%emt 0:01:16]} Rf8 {[%emt 0:00:16]} 21. dxe5 {[%emt 0:05:32]} dxe5 {[%emt 0:02:53]} 22. Nh4 {[%emt 0:02:36]} Nc5 {[%emt 0:05:18]} 23. Qxb6 {[%emt 0:00:39]} Nxe4 {[%emt 0:02:12]} 24. Nxg6 {[%emt 0:02:51]} Re8 {[%emt 0:00:18]} 25. Bxf7+ {[%emt 0:00:19]} 1-0

[Event "XLIV Sevilla Open 2019"]
[Site "Sevilla"]
[Date "2019.01.17"]
[Round "7"]
[White "Esquivias Quintero, Luis Manuel"]
[Black "Tadevosyan, Aspet"]
[Result "1-0"]
[WhiteElo "2293"]
[BlackElo "2105"]
[Annotator "NA"]
[PlyCount "83"]
[EventDate "2019.01.11"]
[EventType "swiss"]
[EventCountry "ESP"]
[SourceTitle "playchess.com"]
[Source "ChessBase"]
[SourceQuality "1"]
[TimeControl "5400+30"]

1. e4 {[%emt 0:00:00]} c5 {[%emt 0:00:00]} 2. Nf3 {[%emt 0:00:00]} d6 {[%emt 0:00:00]} 3. d4 {[%emt 0:00:00]} cxd4 {[%emt 0:00:05]} 4. Nxd4 {[%emt 0:00:00]} Nf6 {[%emt 0:00:11]} 5. Nc3 {[%emt 0:00:03]} a6 {[%emt 0:00:12]} 6. Be3 {[%emt 0:00:09]} e5 {[%emt 0:00:14]} 7. Nf3 {[%emt 0:00:04]} Qc7 {[%emt 0:00:11]} 8. a4 {[%emt 0:00:04]} Be7 {[%emt 0:00:27]} 9. Be2 {[%emt 0:01:22]} h6 {[%emt 0:06:11]} 10. a5 {[%emt 0:02:49]} O-O {[%emt 0:01:27]} 11. O-O {[%emt 0:00:26]} Be6 {[%emt 0:02:41]} 12. Nd5 {[%emt 0:08:01]} Nxd5 {[%emt 0:01:19]} 13. exd5 {[%emt 0:00:04]} Bf5 {[%emt 0:03:04]} 14. c4 Nd7 {[%emt 0:01:59]} 15. b4 {[%emt 0:16:36]} Bh7 {[%emt 0:04:56]} 16. Nd2 {[%emt 0:02:18]} f5 17. f3 {[%emt 0:00:47]} Nf6 {[%emt 0:27:33]} 18. Qb3 {[%emt 0:05:21]} Kh8 {[%emt 0:01:06]} 19. Rac1 {[%emt 0:00:56]} Qd7 {[%emt 0:05:59]} 20. Kh1 {[%emt 0:14:03]} g5 {[%emt 0:02:45]} 21. Rfd1 {[%emt 0:08:40]} g4 {[%emt 0:09:15]} 22. Bxh6 {[%emt 0:08:24]} Rg8 {[%emt 0:01:40]} 23. c5 {[%emt 0:06:09]} gxf3 {[%emt 0:08:04]} 24. Nxf3 {[%emt 0:02:34]} Ng4 {[%emt 0:07:22]} 25. Be3 {[%emt 0:00:44]} Nxe3 {[%emt 0:01:36]} 26. Qxe3 {[%emt 0:00:08]} f4 {[%emt 0:00:46]} 27. c6 {[%emt 0:04:20]} bxc6 {[%emt 0:03:03]} 28. dxc6 {[%emt 0:00:05]} Qxc6 {[%emt 0:07:43]} 29. Rxc6 {[%emt 0:03:58]} fxe3 {[%emt 0:00:02]} 30. Rxa6 {[%emt 0:00:51]} Rxa6 {[%emt 0:00:16]} 31. Bxa6 {[%emt 0:00:15]} Rb8 {[%emt 0:01:18]} 32. b5 {[%emt 0:00:15]} e2 {[%emt 0:01:19]} 33. Rd2 {[%emt 0:01:18]} e4 {[%emt 0:00:15]} 34. Rxe2 {[%emt 0:00:34]} exf3 {[%emt 0:00:08]} 35. Rxe7 {[%emt 0:00:06]} f2 {[%emt 0:00:32]} 36. b6 {[%emt 0:02:10]} Rc8 {[%emt 0:00:11]} 37. h3 {[%emt 0:00:18]} Rc1+ {[%emt 0:03:56]} 38. Kh2 {[%emt 0:00:04]} f1=Q {[%emt 0:00:40]} 39. Bxf1 {[%emt 0:00:06]} Rxf1 {[%emt 0:00:01]} 40. a6 {[%emt 0:00:12]} Ra1 {[%emt 0:00:44]} 41. b7 {[%emt 0:00:15]} Rb1 {[%emt 0:00:42]} 42. a7 {[%emt 0:00:06]} 1-0

[Event "XLIV Sevilla Open 2019"]
[Site "Sevilla"]
[Date "2019.01.17"]
[Round "7"]
[White "Diaz Castro, Sergio"]
[Black "Sobrino Forte, Alvaro"]
[Result "1/2-1/2"]
[WhiteElo "2252"]
[BlackElo "1955"]
[Annotator "NA"]
[PlyCount "60"]
[EventDate "2019.01.11"]
[EventType "swiss"]
[EventCountry "ESP"]
[SourceTitle "playchess.com"]
[Source "ChessBase"]
[SourceQuality "1"]
[TimeControl "5400+30"]

1. Nf3 {[%emt 0:00:00]} d5 {[%emt 0:00:00]} 2. b3 {[%emt 0:00:36]} Bg4 {[%emt 0:00:00]} 3. g3 {[%emt 0:00:23]} Bxf3 {[%emt 0:00:49]} 4. exf3 {[%emt 0:00:06]} Nf6 {[%emt 0:00:04]} 5. f4 {[%emt 0:00:36]} e6 {[%emt 0:01:06]} 6. Bg2 {[%emt 0:00:31]} g6 {[%emt 0:00:08]} 7. Bb2 {[%emt 0:00:17]} Bg7 {[%emt 0:00:12]} 8. O-O {[%emt 0:00:38]} O-O {[%emt 0:00:30]} 9. d4 {[%emt 0:13:51]} Nbd7 {[%emt 0:01:37]} 10. c4 {[%emt 0:04:30]} c6 {[%emt 0:02:03]} 11. Nd2 {[%emt 0:00:44]} a5 {[%emt 0:01:15]} 12. c5 {[%emt 0:07:51]} b6 {[%emt 0:03:46]} 13. cxb6 {[%emt 0:01:46]} Qxb6 {[%emt 0:00:28]} 14. Nf3 {[%emt 0:18:50]} Rfc8 {[%emt 0:06:46]} 15. Ne5 {[%emt 0:03:14]} c5 {[%emt 0:07:48]} 16. dxc5 {[%emt 0:09:23]} Nxc5 {[%emt 0:02:02]} 17. Bd4 {[%emt 0:06:12]} Qb5 {[%emt 0:03:44]} 18. Re1 {[%emt 0:03:18]} Nfd7 {[%emt 0:03:22]} 19. Rc1 {[%emt 0:01:58]} Nxe5 {[%emt 0:05:09]} 20. fxe5 {[%emt 0:00:05]} Nd7 {[%emt 0:08:11]} 21. Re3 {[%emt 0:07:56]} Qb7 {[%emt 0:07:13]} 22. f4 {[%emt 0:02:49]} Bf8 {[%emt 0:00:38]} 23. Rec3 {[%emt 0:00:50]} Bb4 {[%emt 0:02:52]} 24. Rxc8+ {[%emt 0:03:19]} Rxc8 {[%emt 0:00:07]} 25. Bf1 {[%emt 0:01:53]} Bc5 {[%emt 0:01:22]} 26. Bxc5 {[%emt 0:00:14]} Rxc5 {[%emt 0:00:07]} 27. Rxc5 {[%emt 0:00:14]} Nxc5 {[%emt 0:00:03]} 28. Kh1 {[%emt 0:00:19]} Kg7 {[%emt 0:00:06]} 29. Kg1 {[%emt 0:00:09]} Kg8 {[%emt 0:00:05]} 30. Kh1 {[%emt 0:00:14]} Kg7 {[%emt 0:00:05]} 1/2-1/2

[Event "XLIV Sevilla Open 2019"]
[Site "Sevilla"]
[Date "2019.01.17"]
[Round "7"]
[White "Calzetta Ruiz, Monica"]
[Black "Vela Ignacio, Jose Manuel"]
[Result "1-0"]
[WhiteElo "2245"]
[BlackElo "2006"]
[Annotator "TA"]
[PlyCount "50"]
[EventDate "2019.01.11"]
[EventType "swiss"]
[EventCountry "ESP"]
[SourceTitle "playchess.com"]
[Source "ChessBase"]
[SourceQuality "1"]

{[%evp 11,50,43,28,0,0,-6,12,0,104,103,111,50,55,54,54,60,63,59,60,61,81,87,110,114,77,28,43,31,33,0,0,-44,122,123,134,131,116,118,113,88,101]} 1. c4 e5 2. Nc3 Nf6 3. Nf3 e4 4. Ng5 b5 5. Nxb5 c6 (5... h6 6. Nh3 c6 7. Nc3 d5 8. d4 Bd6 9. cxd5 cxd5 10. Nf4 Bb7 11. g3 O-O 12. Bg2 Nbd7 13. O-O {½-½ (65) Flores,D (2514)-Gallego Eraso,P (2375) Andorra 2006}) 6. Nc3 {A22: English Opening: 1...e5 2 Nc3 Nf6} d5 {LiveBook: 3 Games} 7. d3 {aiming for cxd5.} h6 8. Nh3 {The position is equal.} Bb4 9. cxd5 $1 Bxh3 $146 (9... O-O $11 {keeps the balance.}) ({Predecessor:} 9... O-O 10. e3 Bxh3 11. gxh3 Nxd5 12. Qc2 exd3 13. Bxd3 {1-0 (40) Tsarev,K-Vankov,S Bulgaria 1990}) 10. gxh3 $16 O-O 11. Bg2 ({White should play} 11. dxe4 $16 {Threatens to win with Rg1.} Nxe4 12. Qd4 Bxc3+ 13. bxc3 cxd5 {[#]} 14. Bxh6 $1 {[%mdl 512]} gxh6 15. Rg1+ Ng5 16. h4) 11... Nxd5 12. O-O {And now Nxd5 would win.} Nxc3 13. bxc3 Bxc3 14. Rb1 {[%cal Ba1b1,Bb1b3,Bb3e3][%mdl 32] Hoping for Qc2.} exd3 15. Rb3 dxe2 16. Qxe2 Re8 17. Rd1 {[%mdl 1024] White has strong compensation.} Qc8 18. Qh5 (18. Be4 $5 {[%cal Rb3c3]} Bf6 19. Rg3 $16) 18... Be5 19. Re3 Nd7 20. Qf5 Re6 $1 21. f4 g6 $2 {[#]} (21... Rd6 $1 $15 22. Red3 (22. Rxd6 Bxd6 23. Rc3 Qe8 $11) 22... g6) 22. Qc2 $36 {[%mdl 2048] Black is under strong pressure.} Bg7 23. Rxe6 fxe6 24. Qxg6 Nf8 25. Qe4 Rb8 {Accuracy: White = 55%, Black = 39%.} 1-0

[Event "XLIV Sevilla Open 2019"]
[Site "Sevilla"]
[Date "2019.01.17"]
[Round "7"]
[White "Diaz Castro, Ismael"]
[Black "Li, Di"]
[Result "0-1"]
[WhiteElo "2228"]
[BlackElo "2488"]
[Annotator "TA"]
[PlyCount "82"]
[EventDate "2019.01.11"]
[EventType "swiss"]
[EventCountry "ESP"]
[SourceTitle "playchess.com"]
[Source "ChessBase"]
[SourceQuality "1"]

{[%evp 28,82,0,0,19,-25,-25,-28,-27,-23,-3,-51,-51,-39,-43,-51,-53,-91,-99,-92,-83,-447,-435,-402,-442,-419,-414,-476,-464,-457,-466,-445,-473,-464,-437,-547,-540,-633,-651,-686,-705,-715,-718,-770,-774,-761,-688,-635,-693,-658,-671,-757,-739,-1081,-823,-29971,-29969]} 1. e4 e5 2. Nf3 Nf6 3. Nxe5 d6 4. Nf3 Nxe4 5. d4 d5 6. Bd3 Nc6 7. O-O Be7 8. c4 Nb4 9. cxd5 Nxd3 10. Qxd3 Qxd5 11. Re1 Bf5 {C42: Petroff Defence: 3 Nxe5 and unusual White 3rd moves} 12. g4 Bg6 13. Nc3 (13. Qc3 f6 14. Qxc7 O-O {½-½ (14) Wei,Y (2709)-Wang,Y (2737) Shenzhen 2016}) 13... Nxc3 14. Qxc3 f6 15. Nh4 {LiveBook: 5 Games} Qd6 16. Qc5 $146 ({Predecessor:} 16. Qe3 Rd8 17. Bd2 Kf7 18. Rac1 Rhe8 19. Nxg6 hxg6 {½-½ (31) Giroux,M (2142)-Schmidt,K (2172) ICCF email 2016}) 16... Qxc5 17. dxc5 Kf7 18. Bf4 Rad8 19. Rad1 Rxd1 20. Rxd1 Rd8 21. Rc1 Be4 $36 {[%mdl 2048] Threatens to win with ...g5. Black has some pressure.} 22. Bxc7 {[#]} Rd2 $1 {aiming for ...Bxc5!} 23. b4 g6 24. b5 $2 {[%mdl 8192] [#]} (24. Bd6 $17 {is more resistant.} Bxd6 25. cxd6) 24... Bxc5 $1 $19 {[%mdl 512]} 25. Bg3 (25. Rxc5 Rd1#) 25... Rxa2 26. Ng2 Rb2 27. Ne3 Rxb5 28. Nc4 Ke6 29. Nd2 Bd5 30. Kf1 b6 31. h4 a5 {[%cal Ba7a5,Ba5a4,Ba4a3,Ba3a2][%mdl 32]} 32. Ke2 a4 33. Kd3 a3 34. Re1+ Kd7 35. g5 f5 36. f3 a2 37. Be5 Rb4 38. Rh1 Ra4 39. Ba1 Ra3+ 40. Ke2 Re3+ 41. Kf2 Rxf3+ {Accuracy: White = 38%, Black = 85%.} 0-1

[Event "XLIV Sevilla Open 2019"]
[Site "Sevilla"]
[Date "2019.01.17"]
[Round "7"]
[White "Li, Xueyi"]
[Black "Krishna C R G"]
[Result "0-1"]
[WhiteElo "2194"]
[BlackElo "2469"]
[Annotator "TA"]
[PlyCount "82"]
[EventDate "2019.01.11"]
[EventType "swiss"]
[EventCountry "ESP"]
[SourceTitle "playchess.com"]
[Source "ChessBase"]
[SourceQuality "1"]

{[%evp 15,82,0,0,-23,10,4,17,0,0,6,4,-12,-20,-18,-12,-19,-17,-10,-11,-39,-27,-35,-41,-49,-12,-18,-15,-44,-35,-35,-22,-35,-22,-162,-163,-163,-161,-131,-66,-105,-49,-163,-154,-192,-85,-222,-205,-187,-186,-334,-328,-370,-410,-501,-501,-581,-591,-990,-969,-1372,-1200,-1146,-943,-6187,-5997,-5602,-1461,-1376,-1018]} 1. d4 Nf6 2. c4 e6 3. g3 d5 4. Bg2 Bb4+ 5. Bd2 Be7 6. Nf3 c6 7. O-O O-O 8. Qb3 b6 {LiveBook: 146 Games} 9. Rc1 {E11: Bogo-Indian} (9. Ne5 Ba6 10. Bc3 Nfd7 11. Nd2 Nxe5 12. dxe5 Nd7 13. a4 Bc5 14. Qc2 d4 15. b4 dxc3 16. Qxc3 Bxb4 17. Qxb4 Nxe5 {½-½ (41) Fedoseev,V (2706)-Gelfand,B (2695) Poikovsky 2018}) 9... Ba6 10. cxd5 cxd5 11. Ne5 {The position is equal.} Bxe2 12. Nc3 Ba6 13. Nb5 $146 ({Predecessor:} 13. Bg5 Bb7 14. Nb5 Na6 15. a3 Ne4 16. Bf4 Bg5 {0-1 (39) Chabanon,J (2492)-Horvath,J (2507) Paris 2003}) 13... Bxb5 14. Qxb5 Nfd7 15. Nd3 a6 16. Qb3 Ra7 17. Rc2 Rc7 18. Rac1 Rxc2 19. Qxc2 Bd6 20. a4 h6 21. f4 Nf6 22. Ne5 Re8 23. g4 a5 24. g5 (24. Bf3 $11 {and White stays safe.}) 24... hxg5 $19 25. fxg5 Bxe5 $1 26. dxe5 Ne4 (26... Nfd7 $1 $17 27. g6 Nxe5 28. gxf7+ Nxf7) 27. Be3 {[#]} Na6 ({Don't take} 27... Nxg5 28. Qc7 $11) ({Black should try} 27... Nc5 $1 $17 {[%mdl 512]} 28. g6 (28. Bxc5 bxc5) 28... fxg6 29. Qxg6 Nbd7) 28. Qe2 ({White should play} 28. Bxe4 $15 dxe4 29. g6) 28... Nac5 29. Rf1 Nd7 ({Stronger than} 29... Nxg5 30. Qh5 $16) (29... Qc7 $19 {has better winning chances.} 30. g6 fxg6) 30. Qf3 {[#]} (30. Qb5 $17) 30... Qe7 $1 ({Worse is} 30... Nxe5 31. Qf4 $14) 31. Qf4 Rc8 32. Rf3 (32. b3 {was necessary.}) 32... Nf8 33. Rh3 Ng6 34. Qg4 Qb4 {Black is clearly winning.} 35. Bf1 Qxb2 36. Qh5 Rc3 {( -> ...Rxe3!)} 37. Bb5 Qb1+ 38. Bf1 Qe1 39. Bxb6 Rc1 {[%csl Gc1][%cal Re1f1]} 40. Qh7+ Kf8 {[%csl Gc1][%cal Re1f1]} 41. Rf3 Nxg5 {Precision: White = 17%, Black = 62%.} 0-1

[Event "XLIV Sevilla Open 2019"]
[Site "Sevilla"]
[Date "2019.01.17"]
[Round "7"]
[White "Rodriguez Del Cerro, Ricardo"]
[Black "Polivanov, Anatoliy"]
[Result "1/2-1/2"]
[WhiteElo "2139"]
[BlackElo "2374"]
[Annotator "NA"]
[PlyCount "60"]
[EventDate "2019.01.11"]
[EventType "swiss"]
[EventCountry "ESP"]
[SourceTitle "playchess.com"]
[Source "ChessBase"]
[SourceQuality "1"]
[TimeControl "5400+30"]

1. c4 {[%emt 0:01:31]} f5 {[%emt 0:00:52]} 2. e3 {[%emt 0:01:48]} Nf6 {[%emt 0:00:18]} 3. Nf3 {[%emt 0:03:46]} e6 {[%emt 0:00:23]} 4. b3 {[%emt 0:00:11]} Be7 {[%emt 0:00:08]} 5. Be2 {[%emt 0:00:33]} O-O {[%emt 0:00:06]} 6. O-O {[%emt 0:00:05]} d6 {[%emt 0:00:54]} 7. d4 {[%emt 0:00:24]} Ne4 {[%emt 0:01:15]} 8. Bb2 {[%emt 0:00:30]} Nd7 {[%emt 0:03:47]} 9. Nbd2 {[%emt 0:04:41]} d5 {[%emt 0:08:38]} 10. a4 {[%emt 0:16:03]} a5 {[%emt 0:02:08]} 11. Ne1 {[%emt 0:15:42]} c6 {[%emt 0:09:52]} 12. f3 {[%emt 0:06:24]} Nxd2 {[%emt 0:00:45]} 13. Qxd2 {[%emt 0:00:05]} Bb4 {[%emt 0:07:29]} 14. Bc3 {[%emt 0:03:51]} Bd6 {[%emt 0:00:13]} 15. c5 {[%emt 0:11:16]} Bc7 {[%emt 0:02:24]} 16. Nd3 {[%emt 0:01:52]} Qh4 {[%emt 0:14:55]} 17. f4 {[%emt 0:02:21]} Nf6 {[%emt 0:00:23]} 18. Qe1 {[%emt 0:01:55]} Qh6 {[%emt 0:02:16]} 19. Ne5 {[%emt 0:01:47]} g5 {[%emt 0:06:07]} 20. fxg5 {[%emt 0:03:25]} Qxg5 {[%emt 0:00:04]} 21. Rf3 {[%emt 0:00:07]} Kh8 {[%emt 0:16:58]} 22. Rg3 {[%emt 0:00:22]} Qh6 {[%emt 0:00:05]} 23. Rh3 {[%emt 0:00:16]} Qg5 {[%emt 0:06:33]} 24. Rg3 {[%emt 0:00:24]} Qh6 {[%emt 0:00:04]} 25. Rh3 {[%emt 0:00:04]} Qg5 {[%emt 0:00:03]} 26. Rg3 {[%emt 0:00:29]} Qh6 {[%emt 0:00:01]} 27. Rh3 {[%emt 0:00:06]} Qg5 {[%emt 0:00:03]} 28. Rg3 {[%emt 0:00:06]} Qh6 {[%emt 0:00:03]} 29. Rh3 {[%emt 0:00:04]} Qg5 {[%emt 0:00:01]} 30. Rg3 {[%emt 0:00:06]} Qh6 {[%emt 0:00:02]} 1/2-1/2

[Event "XLIV Sevilla Open 2019"]
[Site "Sevilla"]
[Date "2019.01.17"]
[Round "7"]
[White "Cholleti Sahajasri"]
[Black "Del Rio De Angelis, Salvador G."]
[Result "1-0"]
[WhiteElo "2122"]
[BlackElo "2501"]
[Annotator "TA"]
[PlyCount "99"]
[EventDate "2019.01.11"]
[EventType "swiss"]
[EventCountry "ESP"]
[SourceTitle "playchess.com"]
[Source "ChessBase"]
[SourceQuality "1"]

{[%evp 22,99,0,0,18,-6,0,-8,0,-47,-42,-68,-65,-62,-66,-74,-72,-68,-60,-93,-71,-91,-77,-88,-30,-130,-58,-58,-60,-70,-49,-124,-120,-120,-118,-115,-111,-118,-21,-16,-33,-24,-16,-14,-14,-21,0,0,0,-8,-25,-84,0,0,0,0,165,143,202,188,260,260,260,242,256,262,268,268,273,273,408,372,456,386,389,356,413,393,540,397]} 1. Nf3 d5 2. d4 Nf6 3. c4 e6 4. g3 Bb4+ 5. Bd2 Be7 6. Bg2 O-O 7. O-O c6 8. Qc2 b6 9. Bf4 Nbd7 {E06: Closed Catalan: Early deviations} 10. Nbd2 (10. Rd1 Ba6 11. b3 Rc8 12. Nc3 h6 13. e4 dxc4 14. Nd2 b5 15. bxc4 bxc4 16. Na4 g5 17. Be3 Ng4 18. Nf1 Qc7 19. Bd2 c5 20. d5 Nde5 21. h3 Nf6 {½-½ (72) Bareev,E (2666)-Vidit,S (2711) Batumi 2018}) 10... Nh5 11. Be3 Bb7 12. Rac1 {LiveBook: 3 Games} f5 13. cxd5 exd5 14. Nb1 Bd6 $146 ({Predecessor:} 14... g5 15. Bd2 Rc8 16. b4 g4 17. Ne1 {½-½ (38) Beetsma,M (1971)-Lemke,B (1969) ICCF email 2017}) 15. Ng5 Qe7 16. Bf3 h6 17. Nh3 $1 Ndf6 18. Nf4 Nxf4 19. Bxf4 Bxf4 20. gxf4 Ne4 21. Bg2 Qh4 $36 {[%mdl 2048] Black is in control.} 22. e3 Rf6 (22... Ba6 $1 $17 23. Rfd1 Bb7) 23. Nc3 {[#]} (23. Nd2 $1 $11 {remains equal.}) 23... Nxc3 (23... Ba6 $1 $17 24. Rfd1 Rg6) 24. bxc3 $15 Ba6 25. Rfe1 Raf8 26. f3 (26. Kh1 $1 $15) 26... Rg6 $17 27. Qf2 Qe7 28. Kh1 Re6 29. Bh3 Re8 (29... Qf7 $17 30. Rg1 Rfe8) 30. e4 $1 $11 dxe4 {Hoping for ...e3.} 31. Bxf5 {[%mdl 64] Double Attack} e3 32. Bxe6+ Qxe6 33. Qg3 Bc4 34. Rg1 {[%csl Gg1][%cal Rg3g7]} Re7 35. Qg4 Qxg4 36. fxg4 {[%mdl 4096] Endgame KRR-KRB} (36. Rxg4 $11 Bxa2 37. f5) 36... Re4 ({Much weaker is} 36... Bxa2 $6 37. Kg2 $11) (36... Bd5+ $17 37. Rg2 e2) 37. f5 Rf4 {Threatens to win with ...Bd5+.} 38. Kg2 h5 $2 (38... e2 $11) 39. Kg3 $18 (39. gxh5 e2 $11) 39... Rxg4+ (39... Rf2 $16 40. Rge1 (40. gxh5 Rxf5 41. Rce1 e2 $14) 40... h4+ 41. Kxh4 Rf3) 40. Kf3 e2 (40... Rh4 $142 41. Kxe3 Rxh2) 41. Rxg4 hxg4+ {[#] KR-KB} 42. Kf2 $1 ({Weaker is} 42. Kxg4 Bxa2 43. Kf3 Bc4 $16) 42... Kf7 43. Rg1 Bxa2 44. Kxe2 a5 45. Rxg4 a4 (45... b5 $142 46. Rg6 Bc4+ 47. Kd2 Bd5) 46. Kd2 a3 47. Rg1 Bd5 48. Kc2 a2 49. Kb2 b5 50. Rg6 {Accuracy: White = 49%, Black = 23%.} 1-0